Najpopularniejsze imiona żeńskie w Polsce ze zdjęciami - Statystyki

Ogólne statystyki
  • Ten quiz został rozwiązany 105 razy
  • Średni wynik to 13 z 20
Statystyki odpowiedzi
Obrazkowy Odpowiedź % Poprawnych
Agnieszka
94%
Maria
94%
Anna
88%
Katarzyna
87%
Julia
85%
Małgorzata
84%
Barbara
81%
Magdalena
79%
Ewa
75%
Joanna
75%
Aleksandra
71%
Natalia
67%
Elżbieta
54%
Danuta
53%
Monika
52%
Marta
51%
Krystyna
45%
Zofia
42%
Teresa
36%
Karolina
33%
Nie znaleziono quizów pasujących do podanych kryteriów
Rozkład punktacji
Procent ludzi z każdym wynikiem
Percentyl według liczby udzielonych odpowiedzi
Twoja historia wyników
Nie rozwiązałeś tego quizu